Statistics for I Love Kanye Lyrics

Click here to take the quiz!

General Stats

  • This quiz has been taken 404 times
  • The average score is 107 of 137

Answer Stats

Answer % Correct
"I
100%
I
100%
Kanye
98%
Kanye"
98%
The
95%
Old
94%
Miss
94%
Love
91%
A
90%
New
85%
Go
84%
Straight
83%
So
83%
From
81%
Like
79%
Be
78%
Loves
78%
Always
77%
You
75%
Was
75%
Hate
75%
That
73%
Rude
73%
Bad
71%
Up
71%
Man
71%
To
71%
Chop
69%
And
68%
Pink
68%
Soul
68%
Polo
68%
Thought
68%
Would
67%
Sweet
67%
Mood
67%
in
67%
News
66%
Had
64%
Even
63%
Used
62%
Song
62%
What
61%
We
61%
If
60%
About
60%
Made
60%
At
59%
Meet
59%
It
58%
On
58%
Kanyes
58%
Spaz
58%
Beats
57%
Many
57%
Called
56%
Look
56%
I'd
55%
His
55%
Around
55%
Time
54%
All
53%
Say
53%
There's
53%
Invented
53%
Goals
53%
Still
52%
Now
52%
See
51%
Set
51%
Any
50%
Wasn't
50%
That's
49%
Gotta
46%

Score Distribution

Percentile by Number Answered

Percent of People with Each Score

Your Score History

You have not taken this quiz